000 00208 a2200097 4500
020 _a9798875296239
041 _aspa
100 _aWaldendorf, Kurt
245 _aHeroes de la copa Mundial
942 _cLibros/Book
999 _c31982
_d31980